Otázky ako súčasť komunikácie učiteľa vo vyučovacom procese = The issues as part of teacher communication in educational process : Diplomová práca

Gespeichert in:
Bibliographische Detailangaben
1. Verfasser: Karaová, Renáta (Verfasst von)
Weitere Verfasser: Strakoš, Jozef, 1966- (xxx)
Format: Manuskript Buch
Sprache:Slowakisch
Veröffentlicht: Trnava : STU v Bratislave MTF UIPH, 2009
Schlagworte:
Tags: Tag hinzufügen
Keine Tags, Fügen Sie das erste Tag hinzu!

MARC

LEADER 00000ntm a22000003a 4500
001 stu198890
005 20160719160059.3
008 100125s2009----xo------------------slo-d
040 |a STU  |b slo 
041 0 |a slo 
044 |a xo 
100 1 |a Karaová, Renáta  |4 aut 
245 1 |a Otázky ako súčasť komunikácie učiteľa vo vyučovacom procese = The issues as part of teacher communication in educational process :  |b Diplomová práca 
260 |a Trnava :  |b STU v Bratislave MTF UIPH,  |c 2009 
300 |a 73 s  |c Prílohy + 1 CD-ROM 
500 |a Študijný program: učiteľstvo technických profesijných predmetov 
500 |a Študijný odbor: 1.1.2 učiteľstvo profesijných predmetov a praktickej prípravy 
650 7 |a komunikácia  |2 stusub 
650 7 |a pedagogická komunikácia  |2 stusub 
650 7 |a otázky vo vyučovaní  |2 stusub 
700 1 |a Strakoš, Jozef,  |d 1966-  |4 xxx  |u M7100  |U MTF Ústav inžinierskej pedagogiky a humatitných vied  |T MTF Katedra inžinierskej pedagogiky a psychológie  |X 47606  |U M7100  |Y 170  |7 A000047606 
996 |b 284M077846  |c M*DP-8758  |l MMSKP  |s P  |a 0  |w stu198890_0001